| 000 | 00691cab a2200217 4500 | ||
|---|---|---|---|
| 001 | WB2247-63 | ||
| 008 | 090401t1986 xxu||||| |||| 00| 0 eng d | ||
| 035 | _a(Sirsi) u40344 | ||
| 041 | _aeng | ||
| 245 | _aHousing today | ||
| 260 | _c1986 | ||
| 350 | _a0 | ||
| 490 |
_aTimes _v21/11/86 pp 34-36 3 pages LOAN |
||
| 520 | _aReports on the National House-Building Council and its warranty protection scheme for home buyers, security in the home, housing for the elderly, access for the disabled and the self-build housing movement. | ||
| 650 | _aDISABLED PEOPLE | ||
| 650 | _aHOUSE BUILDING | ||
| 690 | _aHOUSING | ||
| 690 | _aSPECIAL REPORTS | ||
| 942 | _n0 | ||
| 948 | _c04/03/1997 | ||
| 999 |
_c25849 _d25849 |
||